000 00460nam a2200181Ia 4500
005 20250326141045.0
008 250326s9999 xx 000 0 und d
037 _aTextbook
040 _aFMSL
_beng
_cFMSL
041 _aeng
_2eng
084 _qFMSL
100 _aMaslow A H
245 0 _aMaslow on management
_cMaslow A H
260 _aNew York
_bNew York, Johan Wiley and Sons.
_c1998
300 _a335p
942 _cTB
999 _c1288505
_d1288505